Every England player capped under Gareth Southgate - Statistics

General Stats
  • This quiz has been taken 103 times
    51 since last reset
  • The average score is 49 of 97
Answer Stats
Caps Player % Correct
71 Harry Kane
100%
59 John Stones
95%
61 Kyle Walker
92%
62 Harry Maguire
89%
55 Marcus Rashford
89%
31 Bukayo Saka
87%
1 Dean Henderson
87%
49 Declan Rice
87%
53 Jordan Henderson
87%
55 Raheem Sterling
87%
59 Jordan Pickford
84%
45 Kieran Trippier
84%
11 Ollie Watkins
84%
32 Phil Foden
82%
28 Jude Bellingham
79%
24 Luke Shaw
79%
23 Trent Alexander-Arnold
79%
34 Jack Grealish
76%
4 Aaron Ramsdale
74%
2 Cole Palmer
74%
9 Marc Guehi
74%
4 Wayne Rooney
74%
2 Ivan Toney
71%
24 Dele Alli
68%
37 Eric Dier
68%
15 Jamie Vardy
68%
30 Kalvin Phillips
68%
10 Nick Pope
66%
21 Ben Chilwell
63%
23 Jadon Sancho
61%
15 Reece James
61%
36 Mason Mount
58%
7 Phil Jones
58%
11 Conor Gallagher
55%
7 Jarrod Bowen
55%
32 Jesse Lingard
55%
2 Kobbie Mainoo
55%
9 Callum Wilson
53%
21 Danny Rose
53%
4 Sam Johnstone
53%
18 Tyrone Mings
53%
11 Dominic Calvert-Lewin
50%
2 Eberechi Eze
50%
7 Adam Lallana
47%
11 Alex Oxlade-Chamberlain
47%
2 Anthony Gordon
47%
10 Conor Coady
47%
2 Danny Ings
47%
5 Fikayo Tomori
47%
13 Joe Gomez
47%
5 Lewis Dunk
47%
9 Ashley Young
45%
4 Ben White
45%
8 Danny Welbeck
45%
13 Gary Cahill
45%
7 James Maddison
45%
11 Joe Hart
45%
2 Ezri Konsa
42%
10 Ruben Loftus-Cheek
42%
4 Daniel Sturridge
39%
5 Jack Butland
39%
11 James Ward-Prowse
39%
11 Ross Barkley
39%
11 Tammy Abraham
39%
3 Theo Walcott
39%
2 Chris Smalling
37%
10 Harry Winks
37%
1 Rico Lewis
37%
3 Callum Hudson-Odoi
34%
1 Dominic Solanke
34%
3 Emile Smith Rowe
34%
2 James Tarkowski
34%
11 Fabian Delph
32%
2 Jermain Defoe
32%
1 Nathaniel Clyne
32%
2 Tom Heaton
32%
3 Aaron Cresswell
29%
2 Kyle Walker-Peters
29%
1 Levi Colwill
29%
1 Mason Greenwood
29%
12 Michael Keane
29%
1 Patrick Bamford
29%
1 Phil Jagielka
29%
1 Alex McCarthy
26%
1 Nathaniel Chalobah
26%
2 Tyrick Mitchell
26%
1 Eddie Nketiah
24%
1 Lewis Cook
24%
10 Ryan Bertrand
24%
1 Harvey Barnes
21%
1 Jack Cork
21%
6 Jake Livermore
21%
1 James Justin
16%
2 Andros Townsend
13%
1 Nathan Redmond
13%
5 Ainsley Maitland-Niles
11%
2 Ben Godfrey
11%
No matching quizzes found
Score Distribution
Percent of People with Each Score
Percentile by Number Answered
Your Score History
You have not taken this quiz since the last reset